<La> crise du capitalisme et le probléme de l'économie dirigée
Enregistré dans:
| Auteur principal: | |
|---|---|
| Format: | Livre |
| Langue: | français |
| Publié: |
Paris
Presses Universitaires de France
1946
|
| Tags: |
Pas de tags, Soyez le premier à ajouter un tag!
|
MARC
| LEADER | 00000nam a2200000 4500 | ||
|---|---|---|---|
| 001 | c111578 | ||
| 005 | 20041019155150.2 | ||
| 041 | 0 | |a fre | |
| 044 | |a FR | ||
| 245 | 1 | 0 | |a <La> crise du capitalisme et le probléme de l'économie dirigée |c B.V. Damals |
| 264 | 1 | |a Paris |b Presses Universitaires de France |c 1946 | |
| 300 | |a 323 s. | ||
| 100 | 1 | |a Damals, B.V. | |